000 00630nam a2200193 i 4500
001 bg
100 1 _aDYLĄG, Zdzisław
245 0 _aMechanika budowli :
_bprzestrzenne układy prętowe.Cz. 2,Przykłady zastosowania MES [metody elementów skończonych] /
_cZ. Dyląg, J. Bujnowski.
260 _aBiałystok,
_c1987.
650 9 _aBudownictwo
_xmechanika
650 9 _aMetoda elementów skończonych
_xstosowanie
_xbudownictwo
655 _aPodręczniki akademickie
700 1 _aBUJNOWSKI, Jarosław
040 _cBPK
041 _apol
080 _a624.04(075.8)
942 _cKS
008 s pl f |000 0 pol
999 _c3710
_d3710
856 _uhttp://koha.tu.koszalin.pl/cgi-bin/koha/opac-detail.pl?biblionumber=3710
_yKatalog online BPK